000 00398nam a2200145Ia 4500
008 240729s9999 xx 000 0 und d
245 0 _aAsian Journal of Pharmaceutical Sciences
260 _aHong Kong
260 _bElsevier
650 _a Therapeutics. Pharmacology
650 _aMedicine
856 _uhttps://doaj.org/toc/17a89a7cdedf45c48422312c70a0a42e
942 _2ddc
942 _cDOAJEJ
999 _c71375
_d71375
945 _a1
_bMadushi Gamage
_c1
_dMadushi Gamage